00957cam a22002774a 450000100090000000300040000900500170001300800410003001000170007101500190008801600180010702000250012502000220015003500240017204000440019604200270024005000240026708200170029110000230030824501460033126000520047730000340052950400510056365000440061470000210065816290994OSt20150408114025.0100618s2010 enka b 001 0 eng  a 2010279650 aGBA9995082bnb7 a0153912832Uk a9780521897723 (hbk.) a0521897726 (hbk.) a(OCoLC)ocn449827576 aUKMcUKMdBTCTAdBWKUKdBWKdYDXCPdDLC aukblcatcopyalccopycat00aTK5102.9b.S37 201004a621.38222221 aSchreier, Peter J.10aStatistical signal processing of complex-valued data :bthe theory of improper and noncircular signals /cPeter J. Schreier, Louis L. Scharf. aCambridge :bCambridge University Press,c2010. axix, 309 p. :bill. ;c26 cm. aIncludes bibliographical references and index. 0aSignal processingxStatistical methods.1 aScharf, Louis L.